Geography - World | 1 | 2 | 0 | 0 | 35 | 33 | 53.00 | 0 | 1 |
History - Cross, Historiography, and Miscellaneous | 0 | 3 | 0 | 0 | 30 | 76 | 90.67 | 0 | 0 |
Current Events - U.S. | 1 | 1 | 0 | 0 | 25 | 52 | 86.00 | 0 | 0 |
History - American | 1 | 1 | 0 | 0 | 25 | 64 | 88.00 | 0 | 0 |
History - World | 0 | 2 | 0 | 0 | 20 | 81 | 98.00 | 0 | 0 |
History - European | 1 | 0 | 0 | 0 | 15 | 43 | 43.00 | 0 | 0 |
Social Science - Other | 0 | 1 | 0 | 0 | 10 | 121 | 121.00 | 0 | 0 |
RMP - World Mythology | 0 | 1 | 0 | 0 | 10 | 129 | 129.00 | 0 | 0 |
Social Science - Linguistics | 0 | 1 | 0 | 0 | 10 | 109 | 109.00 | 0 | 0 |
Fine Arts - Miscellaneous | 0 | 1 | 0 | 0 | 10 | 119 | 119.00 | 0 | 0 |
Current Events - World | 0 | 1 | 0 | 0 | 10 | 72 | 72.00 | 0 | 0 |
Literature - World and Miscellaneous | 0 | 1 | 0 | 0 | 10 | 97 | 97.00 | 0 | 0 |
Other - Other Academic and General Knowledge | 0 | 1 | 0 | 0 | 10 | 125 | 125.00 | 0 | 0 |
Fine Arts - Jazz | 0 | 0 | 0 | 0 | 0 | | 0.00 | 0 | 0 |
Fine Arts - Film | 0 | 0 | 0 | 0 | 0 | | 0.00 | 0 | 0 |
RMP - Hinduism | 0 | 0 | 0 | 0 | 0 | | 0.00 | 0 | 0 |